[Event "Val Thorens op"]
[Site "Val Thorens"]
[Date "1995.??.??"]
[Round "?"]
[White "Bauer, Christian"]
[Black "Lokasto, Anatol"]
[Result "1/2-1/2"]
[WhiteElo "2420"]
[BlackElo "2335"]
[PlyCount "25"]
[EventDate "1995.??.??"]
[EventType "swiss"]
[EventRounds "9"]
[EventCountry "FRA"]
[Source "Fruth,M"]
[SourceDate "2003.05.15"]

1. e4 e5 2. f4 d5 3. exd5 c6 4. Nc3 exf4 5. Nf3 Nf6 6. d4 Bd6 7. Qe2+ Qe7 8.
Qxe7+ Kxe7 9. Ne5 Nxd5 10. Nxd5+ cxd5 11. Bxf4 Nc6 12. O-O-O Bf5 13. Nxc6+
1/2-1/2

[Event "Zaragoza op A"]
[Site "Zaragoza"]
[Date "1995.??.??"]
[Round "4"]
[White "Narciso Dublan, Marc"]
[Black "Foisor, Cristina Adela B"]
[Result "1-0"]
[WhiteElo "2375"]
[BlackElo "2375"]
[PlyCount "157"]
[EventDate "1995.06.??"]
[EventType "swiss"]
[EventRounds "9"]
[EventCountry "ESP"]
[Source "Fruth,M"]
[SourceDate "2003.05.15"]

1. e4 e5 2. f4 d5 3. exd5 exf4 4. Nf3 Qxd5 5. Nc3 Qd8 6. Bc4 Qe7+ 7. Be2 Be6 8.
d4 Bc4 9. Bxf4 Bxe2 10. Qxe2 Qxe2+ 11. Kxe2 Bd6 12. Bxd6 cxd6 13. Rae1 Nc6 14.
Kd1+ Kd7 15. d5 Nce7 16. Ng5 Rf8 17. Re4 h6 18. Nf3 Nf6 19. Rb4 Rb8 20. Rd4 Nf5
21. Rd2 Rhe8 22. Kc1 Rbc8 23. Nd4 Ne3 24. Rf2 Re5 25. Re1 Rce8 26. Nf3 R5e7 27.
Rd2 a6 28. Nh4 b5 29. a3 g6 30. h3 Nexd5 31. Rxe7+ Nxe7 32. Rf2 Neg8 33. g4 Re3
34. Nf3 d5 35. Rf1 Kd6 36. Kd2 Re7 37. Nd4 Nd7 38. h4 Ngf6 39. g5 hxg5 40. hxg5
Ne4+ 41. Nxe4+ dxe4 42. Ke2 Kc5 43. Nb3+ Kb6 44. Ke3 Ne5 45. Kxe4 Nc4+ 46. Kd4
Rd7+ 47. Kc3 Ne3 48. Rf6+ Kc7 49. Rf3 Nf5 50. Nc5 Rd6 51. b4 Kb6 52. Rd3 Rxd3+
53. Kxd3 Nd6 54. Kd4 a5 55. Nd7+ Kc7 56. Ne5 axb4 57. axb4 Kd8 58. Kd5 Ke7 59.
c3 Nf5 60. Nc6+ Kd7 61. Ne5+ Ke7 62. Kc5 Nd6 63. Kd5 Nf5 64. Ng4 Kd7 65. Nf6+
Kc7 66. Ne4 Kb6 67. Nd6 Ne7+ 68. Ke5 Kc6 69. Nxf7 Kd7 70. Nd6 Kc6 71. Ke6 Nd5
72. Nxb5 Nf4+ 73. Ke5 Nd3+ 74. Kd4 Nf4 75. Ke4 Nh3 76. Nd4+ Kb6 77. Ne6 Kb5 78.
Kf3 Kc4 79. Kg2 1-0

[Event "Pula op"]
[Site "Pula"]
[Date "1996.??.??"]
[Round "?"]
[White "Zelic, Mladen"]
[Black "Babic, Dragojle"]
[Result "1-0"]
[WhiteElo "2345"]
[BlackElo "2315"]
[PlyCount "45"]
[EventDate "1996.??.??"]
[EventType "swiss"]
[EventRounds "9"]
[EventCountry "CRO"]
[Source "Fruth,M"]
[SourceDate "2003.05.15"]

1. e4 e5 2. f4 d5 3. exd5 exf4 4. Nf3 Qxd5 5. Nc3 Qh5 6. d4 Bd6 7. Ne4 Qg6 8.
Bd3 Ne7 9. O-O O-O 10. c3 Bg4 11. Qc2 h6 12. Nxd6 Qxd6 13. Ne5 Be6 14. Bxf4 Qb6
15. Rae1 c5 16. Nc4 Bxc4 17. Bxc4 Ng6 18. Be3 cxd4 19. Bxd4 Qc6 20. Bxf7+ Rxf7
21. Rxf7 Kxf7 22. Qb3+ Kf8 23. Re6 1-0

[Event "RUS-ch TT"]
[Site "Orel"]
[Date "1996.??.??"]
[Round "?"]
[White "Sumaneev, Dmitry"]
[Black "Mishuchkov, Nikolai M"]
[Result "1-0"]
[WhiteElo "2440"]
[BlackElo "2400"]
[PlyCount "44"]
[EventDate "1996.??.??"]
[EventType "team"]
[EventRounds "9"]
[EventCountry "RUS"]
[Source "Fruth,M"]
[SourceDate "2003.05.15"]

1. e4 e5 2. f4 d5 3. exd5 exf4 4. Nf3 Bd6 5. Bc4 Ne7 6. O-O O-O 7. d4 Ng6 8.
Nc3 c6 9. dxc6 Nxc6 10. Ne4 Bc7 11. c3 Bg4 12. Kh1 Nh4 13. Be2 Re8 14. Nf2 h5
15. Nd3 g5 16. Re1 Nf5 17. Ng1 Rxe2 18. Rxe2 Ncxd4 19. cxd4 Nxd4 20. h3 Nxe2
21. hxg4 Nxg1 22. Kxg1 Bb6+ 1-0

[Event "Wedemark simul"]
[Site "Wedemark"]
[Date "1996.??.??"]
[Round "?"]
[White "Bangiev, Alexander"]
[Black "Frank, H."]
[Result "1-0"]
[WhiteElo "2405"]
[BlackElo "2500"]
[PlyCount "45"]
[EventDate "1996.??.??"]
[EventType "simul"]
[EventCountry "GER"]
[Source "Fruth,M"]
[SourceDate "2003.05.15"]

1. e4 e5 2. f4 d5 3. exd5 exf4 4. Nf3 a6 5. d4 Bd7 6. Bxf4 Nf6 7. c4 c6 8. Qe2+
Qe7 9. Nc3 Kd8 10. O-O-O cxd5 11. cxd5 Qb4 12. Ne5 Kc8 13. Kb1 Bd6 14. Rc1 Bf5+
15. Ka1 Re8 16. Ne4+ Bc7 17. Rxc7+ Kxc7 18. Nd3+ Kb6 19. Nxb4 Rxe4 20. Qd2 Nbd7
21. Bd3 Rxd4 22. Be3 Bxd3 23. Qxd3 1-0

[Event "YUG-ch sfin"]
[Site "Niska Banja"]
[Date "1996.??.??"]
[Round "2"]
[White "Brankovic, Dejan"]
[Black "Petronic, Jovan"]
[Result "0-1"]
[WhiteElo "2345"]
[BlackElo "2435"]
[PlyCount "174"]
[EventDate "1996.??.??"]
[EventType "swiss"]
[EventRounds "11"]
[EventCountry "YUG"]
[Source "Fruth,M"]
[SourceDate "2003.05.15"]

1. e4 e5 2. f4 d5 3. exd5 c6 4. Nc3 exf4 5. Nf3 Bd6 6. d4 Ne7 7. dxc6 Nbxc6 8.
Bc4 O-O 9. O-O Bg4 10. Ne4 Bc7 11. c3 h6 12. Qd3 Nd5 13. Nc5 Rb8 14. Bd2 g5 15.
Rae1 Kg7 16. Bb3 Bh5 17. Qf5 Nf6 18. Nxg5 hxg5 19. Qxg5+ Bg6 20. Bxf4 Bxf4 21.
Rxf4 Nh7 22. Qg3 Kh8 23. h4 b6 24. Ne4 Na5 25. Bc2 Rg8 26. Qf3 Qd5 27. Bd1 Rbe8
28. h5 Bxe4 29. Rfxe4 Rxe4 30. Rxe4 Qg5 31. Qf2 Qc1 32. Re1 Qg5 33. Bf3 Nc4 34.
Re2 Nd6 35. Re5 Qc1+ 36. Re1 Qf4 37. Qe3 Qxe3+ 38. Rxe3 Re8 39. Rxe8+ Nxe8 40.
Kf2 Kg7 41. Ke3 Nd6 42. b3 Kf6 43. c4 Ng5 44. Bc6 Nf5+ 45. Kd3 Ne6 46. d5 Nf4+
47. Kc3 Nxg2 48. c5 Nf4 49. Kc4 Ke5 50. d6 bxc5 51. Kxc5 Nxd6 52. Bf3 Ne6+ 53.
Kb4 f5 54. Ka5 Nc7 55. b4 Nc4+ 56. Ka4 Nb6+ 57. Ka5 Nc4+ 58. Ka4 Nd2 59. Be2
Ne4 60. Ka5 Nc3 61. Bd3 f4 62. h6 Kf6 63. b5 Nxa2 64. b6 axb6+ 65. Kxb6 Nb4 66.
Be4 Ne6 67. Kb5 Ng5 68. Bb1 Nd5 69. Kc4 Ne3+ 70. Kd3 Kg6 71. Ke2+ Kxh6 72. Bd3
Kg7 73. Ba6 Kf6 74. Bb7 Ke5 75. Ba8 Nf5 76. Bb7 Ng3+ 77. Kf2 N3e4+ 78. Kg2 f3+
79. Kf1 Kf4 80. Bc6 Ke3 81. Bb5 Nh3 82. Ke1 Nc3 83. Bc4 Nf4 84. Kf1 Nfe2 85.
Ba6 Ng3+ 86. Kg1 Nce2+ 87. Kh2 f2 0-1

[Event "Lazne Bohdanec IT"]
[Site "Lazne Bohdanec"]
[Date "1996.??.??"]
[Round "5"]
[White "Votava, Jan"]
[Black "Kogan, Artur"]
[Result "1/2-1/2"]
[WhiteElo "2540"]
[BlackElo "2485"]
[PlyCount "22"]
[EventDate "1996.01.??"]
[EventType "tourn"]
[EventRounds "11"]
[EventCountry "CZE"]
[EventCategory "10"]
[Source "Fruth,M"]
[SourceDate "2003.05.15"]

1. e4 e5 2. f4 d5 3. exd5 exf4 4. Nf3 Bd6 5. d4 Ne7 6. Nc3 O-O 7. Bd3 Ng6 8.
O-O c6 9. dxc6 Nxc6 10. Ne4 Bc7 11. c3 Re8 1/2-1/2

[Event "Komercni Banka op"]
[Site "Pardubice"]
[Date "1996.??.??"]
[Round "4"]
[White "Stocek, Jiri"]
[Black "Shurygin, Sergey"]
[Result "1-0"]
[WhiteElo "2460"]
[BlackElo "2390"]
[PlyCount "109"]
[EventDate "1996.07.??"]
[EventType "swiss"]
[EventRounds "9"]
[EventCountry "CZE"]
[Source "Fruth,M"]
[SourceDate "2003.05.15"]

1. e4 e5 2. f4 d5 3. exd5 exf4 4. Bc4 Qh4+ 5. Kf1 f3 6. Bb5+ Bd7 7. Bxd7+ Nxd7
8. Nxf3 Qc4+ 9. Qe2+ Qxe2+ 10. Kxe2 Nb6 11. Nc3 Nf6 12. d4 Nbxd5 13. Nxd5 Nxd5
14. c4 Nf6 15. Bg5 Be7 16. Rhe1 O-O 17. Kf1 Rfe8 18. Re2 h6 19. Bh4 g5 20. Bg3
Bd6 21. Bxd6 cxd6 22. d5 Rxe2 23. Kxe2 Re8+ 24. Kd3 Ng4 25. h3 Ne5+ 26. Kd4
Nxf3+ 27. gxf3 Re2 28. b4 b6 29. a4 Rd2+ 30. Kc3 Rf2 31. c5 dxc5 32. bxc5 Kf8
33. Re1 Rxf3+ 34. Kc4 Rf4+ 35. Kb5 Rd4 36. d6 Rd5 37. Rc1 Ke8 38. Kc6 Rd4 39.
Kc7 bxc5 40. Re1+ Kf8 41. d7 Kg7 42. Rf1 Kg6 43. d8=Q Rxd8 44. Kxd8 f5 45. Ke7
g4 46. Ke6 gxh3 47. Rg1+ Kh5 48. Kxf5 Kh4 49. Kf4 h2 50. Rh1 Kh3 51. Kf3 c4 52.
a5 a6 53. Rc1 c3 54. Kf2 c2 55. Kf3 1-0

[Event "Ruhrgebiet-ch TT VL2 199798"]
[Site "Ruhrgebiet"]
[Date "1997.??.??"]
[Round "?"]
[White "Vrenegoor, Taco"]
[Black "Micic, Jordanka"]
[Result "0-1"]
[WhiteElo "2345"]
[BlackElo "2315"]
[PlyCount "70"]
[EventDate "1997.??.??"]
[EventType "team"]
[EventRounds "9"]
[EventCountry "GER"]
[Source "Fruth,M"]
[SourceDate "2003.05.15"]

1. e4 e5 2. f4 d5 3. exd5 e4 4. d3 Qxd5 5. Qe2 Nf6 6. Nd2 Bg4 7. Ngf3 Bxf3 8.
gxf3 e3 9. Ne4 Be7 10. Bxe3 O-O 11. Qg2 Nc6 12. Rg1 g6 13. Qg5 Qd8 14. Qh6 Nd4
15. Bh3 Nxf3+ 16. Ke2 Nxg1+ 17. Rxg1 Nxe4 18. dxe4 Bf6 19. Bg2 Qd7 20. b3 Rad8
21. e5 Bg7 22. Qh4 Rfe8 23. Be4 b6 24. Qg3 f6 25. h4 fxe5 26. f5 Qb5+ 27. Bd3
Rxd3 28. cxd3 e4 29. fxg6 exd3+ 30. Kd1 Qh5+ 31. Kc1 hxg6 32. Re1 Rxe3 33. Rxe3
Qc5+ 34. Kd1 Qc2+ 35. Ke1 d2+ 0-1

[Event "Rinteln op"]
[Site "Rinteln"]
[Date "1997.08.31"]
[Round "9"]
[White "Bangiev, Alexander"]
[Black "Meijers, Viesturs"]
[Result "1-0"]
[WhiteElo "2395"]
[BlackElo "2445"]
[PlyCount "49"]
[EventDate "1997.08.??"]
[EventType "rapid"]
[EventRounds "11"]
[EventCountry "GER"]
[Source "Fruth,M"]
[SourceDate "2003.05.15"]

1. e4 e5 2. f4 d5 3. exd5 e4 4. d3 Nf6 5. dxe4 Nxe4 6. Nf3 Be7 7. Bd3 Qxd5 8.
Qe2 Nc5 9. Bc4 Qd6 10. Nc3 O-O 11. Be3 Nba6 12. Rd1 Qh6 13. Nd5 Bd6 14. f5 Qh5
15. f6 g6 16. Ne7+ Kh8 17. Rd5 Bf5 18. Rg1 Qg4 19. Bh6 Rg8 20. Rd4 Ne4 21. Bxf7
Nb4 22. Nxg8 Rxg8 23. Bxg8 Kxg8 24. f7+ Kh8 25. Rxd6 1-0

[Event "Calenberger op15`"]
[Site "Gerden"]
[Date "1997.09.20"]
[Round "4"]
[White "Bangiev, Alexander"]
[Black "Hedke, Fred"]
[Result "1/2-1/2"]
[WhiteElo "2400"]
[BlackElo "2320"]
[PlyCount "43"]
[EventDate "1997.09.20"]
[EventType "rapid"]
[EventRounds "9"]
[Source "Fruth,M"]
[SourceDate "2003.05.15"]

1. e4 e5 2. f4 d5 3. exd5 exf4 4. Nf3 Nf6 5. Bc4 Be7 6. Nc3 O-O 7. d4 c6 8.
Bxf4 cxd5 9. Bb3 Bg4 10. h3 Bh5 11. g4 Bg6 12. Ne5 Be4 13. O-O Nc6 14. g5 Nd7
15. Nxe4 Ndxe5 16. dxe5 dxe4 17. Qxd8 Raxd8 18. Rae1 Bc5+ 19. Kh1 Nd4 20. Rxe4
Nxb3 21. axb3 Rfe8 22. Rc4 1/2-1/2

[Event "Clarin GP f"]
[Site "Villa Gisell"]
[Date "1998.03.15"]
[Round "9"]
[White "Giaccio, Alfredo Gustavo"]
[Black "Ginzburg, Maximiliano"]
[Result "1/2-1/2"]
[WhiteElo "2460"]
[BlackElo "2470"]
[PlyCount "87"]
[EventDate "1998.03.07"]
[EventType "tourn"]
[EventRounds "11"]
[EventCountry "ARG"]
[EventCategory "10"]
[Source "Fruth,M"]
[SourceDate "2003.05.15"]

1. e4 e5 2. f4 d5 3. exd5 e4 4. d3 Nf6 5. Qe2 Bc5 6. Nc3 O-O 7. Nxe4 Re8 8. Nf3
Nxd5 9. c4 Nb4 10. Ne5 Bd4 11. Qd2 c5 12. Be2 f6 13. a3 Qa5 14. axb4 Qxa1 15.
Nf3 Nc6 16. b5 Na5 17. Nxd4 cxd4 18. Kf2 Nb3 19. Qc2 Nxc1 20. Rxc1 Qa5 21. Nd6
Re7 22. Bf3 Rb8 23. Bd5+ Kf8 24. c5 Bg4 25. Be4 f5 26. h3 fxe4 27. hxg4 e3+ 28.
Ke2 Rd8 29. b4 Qxb4 30. Qa2 b6 31. Nf5 Rc7 32. Rc4 Qd2+ 33. Qxd2 exd2 34. c6
Kf7 35. Kxd2 Rd5 36. Nxd4 h5 37. gxh5 Rxh5 38. g4 Rc5 39. Rxc5 bxc5 40. Nf3 Ke6
41. Ng5+ Kd6 42. f5 Rc8 43. Ne4+ Kd5 44. g5 1/2-1/2

[Event "Elista olm"]
[Site "Elista"]
[Date "1998.10.06"]
[Round "8"]
[White "Salmensuu, Olli"]
[Black "Yurtaev, Leonid"]
[Result "1-0"]
[WhiteElo "2420"]
[BlackElo "2540"]
[PlyCount "103"]
[EventDate "1998.09.??"]
[EventType "team"]
[EventRounds "13"]
[EventCountry "RUS"]
[Source "Fruth,M"]
[SourceDate "2003.05.15"]

1. e4 e5 2. f4 d5 3. exd5 exf4 4. Nf3 Bd6 5. d4 Nf6 6. c4 O-O 7. Be2 Re8 8. O-O
Bg4 9. Kh1 Nh5 10. c5 Bf8 11. Nc3 Nd7 12. Ng1 Qh4 13. Bxf4 Bxe2 14. Ngxe2 Ndf6
15. Qe1 Qg4 16. Be5 Qg5 17. Qf2 Re7 18. h3 Qg6 19. Rae1 Rae8 20. g4 Ne4 21. Qf3
Nd2 22. gxh5 Nxf3 23. hxg6 Nxe1 24. gxh7+ Kxh7 25. Rxe1 f6 26. Bf4 g5 27. Bd2
Bh6 28. Kg1 f5 29. Kf2 g4 30. Bxh6 Kxh6 31. hxg4 fxg4 32. Rg1 Kg5 33. Ke1 Rf7
34. Kd2 Rf2 35. d6 cxd6 36. cxd6 Kf5 37. Kd3 Rg8 38. Ng3+ Ke6 39. d5+ Kd7 40.
Nge4 Rf3+ 41. Ke2 Rf5 42. Rg3 b6 43. Ke3 Rg6 44. Ne2 Rg8 45. Nf4 Kd8 46. Nd3
Rg7 47. Kd4 Rf3 48. Rxf3 gxf3 49. Ne5 Rg2 50. Nxf3 Rxb2 51. Ne5 Rxa2 52. Nf6
1-0

[Event "Elista olm"]
[Site "Elista"]
[Date "1998.10.09"]
[Round "10"]
[White "Fedorov, Alexei"]
[Black "Yurtaev, Leonid"]
[Result "0-1"]
[WhiteElo "2600"]
[BlackElo "2540"]
[PlyCount "116"]
[EventDate "1998.09.??"]
[EventType "team"]
[EventRounds "13"]
[EventCountry "RUS"]
[Source "Fruth,M"]
[SourceDate "2003.05.15"]

1. e4 e5 2. f4 d5 3. exd5 exf4 4. Nf3 Bd6 5. d4 Nf6 6. c4 O-O 7. Be2 Re8 8. O-O
Bg4 9. Bd3 c5 10. b4 b6 11. Nc3 cxd4 12. Nb5 Bxb4 13. Bxf4 Na6 14. Qa4 Ne4 15.
Bxe4 Rxe4 16. Bg3 Ba5 17. Nfxd4 Nc5 18. Qc2 Qd7 19. Nb3 Bb4 20. Nc1 Bf5 21. Nd6
Bg6 22. a3 Re3 23. Nf5 Bc3 24. Ra2 Rae8 25. Qf2 Bxf5 26. Qxf5 Qxf5 27. Rxf5
Rxg3 28. hxg3 Re1+ 29. Kh2 Rxc1 30. Re2 Kf8 31. d6 Bf6 32. Rxc5 bxc5 33. d7 g6
34. Re8+ Kg7 35. d8=Q Bxd8 36. Rxd8 Rxc4 37. Rc8 h5 38. a4 a5 39. Rc6 Rxa4 40.
Rxc5 Ra1 41. Rb5 f5 42. Rb7+ Kf6 43. Rb6+ Kg5 44. Ra6 a4 45. Ra8 a3 46. Ra4 Kf6
47. Ra6+ Ke5 48. Rxg6 Kd4 49. Rf6 Rb1 50. Ra6 Rb3 51. Kh3 Kc3 52. Ra5 Kb2 53.
Rxf5 a2 54. Rf2+ Ka3 55. Rxa2+ Kxa2 56. Kh4 Kb2 57. g4 hxg4 58. Kxg4 Rb8 0-1

[Event "Tula op"]
[Site "Tula"]
[Date "2000.??.??"]
[Round "10"]
[White "Arbakov, Valentin"]
[Black "Gavritenkov, Sergei"]
[Result "0-1"]
[WhiteElo "2471"]
[BlackElo "2350"]
[PlyCount "44"]
[EventDate "2000.??.??"]
[EventType "swiss"]
[EventRounds "10"]
[EventCountry "RUS"]
[Source "Fruth,M"]
[SourceDate "2003.05.15"]

1. e4 e5 2. f4 d5 3. exd5 e4 4. Nc3 Nf6 5. d3 Bb4 6. dxe4 Nxe4 7. Qd4 Qe7 8.
Be2 O-O 9. d6 Bxc3+ 10. bxc3 Nxd6 11. Nf3 Re8 12. Qd5 Qd8 13. Qg5 f6 14. Qc5
Qe7 15. Qf2 Ne4 16. Qe3 Nxc3 17. Bc4+ Kh8 18. Qxe7 Rxe7+ 19. Kf1 Be6 20. Bb3
Bxb3 21. axb3 Nc6 22. Bb2 Nd5 0-1

[Event "BRA-ch"]
[Site "Brasilia"]
[Date "2000.01.25"]
[Round "9"]
[White "Gauche, Charles"]
[Black "Chemin, Vitorio"]
[Result "1-0"]
[WhiteElo "2310"]
[BlackElo "2313"]
[PlyCount "91"]
[EventDate "2000.01.07"]
[EventType "swiss"]
[EventRounds "9"]
[EventCountry "BRA"]
[Source "Fruth,M"]
[SourceDate "2003.05.15"]

1. f4 e5 2. e4 d5 3. exd5 c6 4. Qe2 cxd5 5. fxe5 Nc6 6. c3 Qc7 7. Na3 Bxa3 8.
bxa3 Qxe5 9. Nf3 Qe7 10. Qxe7+ Ngxe7 11. d3 O-O 12. Be2 Bf5 13. Bf4 Rfe8 14.
Kd2 f6 15. Bg3 d4 16. c4 Rad8 17. Rhe1 g5 18. Bd1 h5 19. h4 g4 20. Ng1 Bg6 21.
Bf4 Nf5 22. Rxe8+ Rxe8 23. g3 Ne5 24. Be2 Ne3 25. Bxe3 dxe3+ 26. Kc3 Bf7 27.
Rb1 b6 28. a4 f5 29. a5 bxa5 30. Rb5 a4 31. Rb1 a5 32. Rf1 Be6 33. Bd1 Rd8 34.
Bc2 Nf3 35. Ne2 Nd2 36. Re1 Bd7 37. Nf4 Be8 38. Rxe3 Nf1 39. Re1 Nh2 40. Bd1
Bc6 41. Nxh5 a3 42. Re5 a4 43. Rc5 Be8 44. Nf6+ Kg7 45. Nxe8+ Rxe8 46. Rxf5 1-0

[Event "David Lodge mem corr T"]
[Site "BFCC e-mail"]
[Date "2000.07.15"]
[Round "?"]
[White "Santagata, Carlo"]
[Black "Salcedo Mederos, Pablo"]
[Result "1/2-1/2"]
[WhiteElo "2449"]
[BlackElo "2364"]
[PlyCount "63"]
[EventDate "2000.07.15"]
[EventType "tourn (corr)"]
[EventRounds "15"]
[EventCountry "ENG"]
[EventCategory "5"]
[Source "Fruth,M"]
[SourceDate "2003.05.15"]

1. e4 e5 2. f4 d5 3. exd5 exf4 4. Nf3 Nf6 5. Bb5+ c6 6. dxc6 bxc6 7. Bc4 Bd6 8.
Qe2+ Qe7 9. Qxe7+ Kxe7 10. O-O Re8 11. d4 Ba6 12. Nbd2 Kf8 13. Bxa6 Nxa6 14.
Nc4 Bc7 15. c3 Nd7 16. b3 f6 17. Ba3+ Kf7 18. Nd6+ Bxd6 19. Bxd6 g5 20. Rae1
Nb6 21. c4 Rad8 22. Rxe8 Rxe8 23. h4 h6 24. hxg5 hxg5 25. g3 Re2 26. gxf4 g4
27. Ne5+ fxe5 28. fxe5+ Ke8 29. Rf8+ Kd7 30. Rf7+ Ke6 31. Rf6+ Kd7 32. Rf7+
1/2-1/2

[Event "DEN-ch TT 200102"]
[Site "DEN"]
[Date "2002.01.13"]
[Round "4.1"]
[White "Sorensen, Jan"]
[Black "Bentzen, Eric"]
[Result "1-0"]
[WhiteElo "2405"]
[BlackElo "2356"]
[PlyCount "119"]
[EventDate "2001.11.05"]
[EventType "team"]
[EventRounds "7"]
[EventCountry "DEN"]
[Source "Fruth,M"]
[SourceDate "2003.05.15"]

1. e4 e5 2. f4 d5 3. exd5 exf4 4. Nf3 Nf6 5. Bc4 Nxd5 6. Bxd5 Qxd5 7. Nc3 Qd8
8. d4 Be7 9. Bxf4 O-O 10. Qd3 c6 11. O-O-O Be6 12. h4 Qa5 13. d5 Bxd5 14. Nxd5
Qxd5 15. Qxd5 cxd5 16. Rxd5 Nc6 17. Rd7 b6 18. Rhd1 Rac8 19. Bd6 Bxd6 20. R1xd6
h6 21. Nd4 Nxd4 22. Rxd4 a5 23. R7d6 Rfe8 24. Kd2 b5 25. R6d5 Rb8 26. b3 Rb6
27. a4 Reb8 28. Rf4 R8b7 29. g4 Kf8 30. g5 hxg5 31. hxg5 Kg8 32. Rh4 Kf8 33.
Kd3 b4 34. Rxa5 Rd7+ 35. Rd4 Rc7 36. Re5 f6 37. Ree4 Rc3+ 38. Kd2 Rbc6 39. gxf6
Rxc2+ 40. Ke3 gxf6 41. Rxb4 R6c3+ 42. Kd4 Rc7 43. Rb6 Rd7+ 44. Ke3 Rc3+ 45. Kf4
Rdd3 46. Rxf6+ Kg7 47. Rb6 Rxb3 48. Rxb3 Rxb3 49. Ke5 Kf7 50. Kd6 Rc3 51. a5
Ra3 52. Re5 Kf6 53. Rb5 Rd3+ 54. Kc6 Ke7 55. a6 Rd6+ 56. Kb7 Rd7+ 57. Kb6 Rd6+
58. Ka5 Rd1 59. a7 Kd7 60. Ka6 1-0

[Event "Anibal op 9"]
[Site "Linares"]
[Date "2002.03.04"]
[Round "4.13"]
[White "Fedorov, Alexei"]
[Black "Suarez, Diego"]
[Result "1-0"]
[WhiteElo "2589"]
[BlackElo "2398"]
[PlyCount "37"]
[EventDate "2002.03.01"]
[EventType "swiss"]
[EventRounds "10"]
[EventCountry "ESP"]
[Source "Fruth,M"]
[SourceDate "2003.05.15"]

1. e4 e5 2. f4 d5 3. exd5 exf4 4. Nf3 Bd6 5. d4 c6 6. Nc3 Ne7 7. Bc4 O-O 8. O-O
Ng6 9. Ne4 Bc7 10. d6 Bxd6 11. Nfg5 h6 12. Nxf7 Rxf7 13. Bxf7+ Kxf7 14. Qh5 Be7
15. Bxf4 Bf6 16. Nd6+ Kg8 17. Qxg6 Bxd4+ 18. Kh1 Bxb2 19. Rae1 1-0

[Event "Mitropa Cup TT"]
[Site "Leipzig"]
[Date "2002.05.11"]
[Round "9.4"]
[White "Sprenger, Jan Michael"]
[Black "Kuba, Guenter"]
[Result "1-0"]
[WhiteElo "2468"]
[BlackElo "2317"]
[PlyCount "31"]
[EventDate "2002.05.03"]
[EventType "team"]
[EventRounds "9"]
[EventCountry "GER"]
[Source "Fruth,M"]
[SourceDate "2003.05.15"]

1. e4 e5 2. f4 d5 3. exd5 c6 4. Nc3 exf4 5. Nf3 Bd6 6. d4 Ne7 7. Bc4 O-O 8. O-O
Bg4 9. dxc6 Nbxc6 10. Ne4 Rc8 11. c3 Bxf3 12. Rxf3 Ne5 13. Rh3 f3 14. Bb3 Nc4
15. Qxf3 h6 16. Bxh6 1-0

[Event "Budapest FS09 IM A IT"]
[Site "Budapest"]
[Date "2002.??.??"]
[Round "6"]
[White "Le Dinh, Tuan"]
[Black "Lengyel, Bela"]
[Result "1-0"]
[WhiteElo "2360"]
[BlackElo "2350"]
[PlyCount "181"]
[EventDate "2002.09.01"]
[EventType "tourn"]
[EventRounds "9"]
[EventCountry "HUN"]
[EventCategory "2"]
[Source "Fruth,M"]
[SourceDate "2003.05.15"]

1. e4 e5 2. f4 d5 3. exd5 exf4 4. Nf3 Nf6 5. Bc4 Bd6 6. O-O O-O 7. Nc3 Bg4 8.
d4 Nbd7 9. Qd3 c6 10. dxc6 bxc6 11. Ng5 Bh5 12. Bxf4 Bg6 13. Qd2 Bxf4 14. Rxf4
Nd5 15. Rf2 N7b6 16. Bb3 a5 17. a4 Re8 18. Nf3 f6 19. Re1 Rxe1+ 20. Qxe1 Qd6
21. Re2 Bf7 22. Ne4 Qc7 23. Nc5 g6 24. Qh4 h5 25. Re4 Qd6 26. Qe1 g5 27. Qd2
Kg7 28. Re1 Ra7 29. Ne4 Qd8 30. Nc5 Qd6 31. Nd3 Qf8 32. Re2 Nd7 33. Qe1 Qb8 34.
Qf2 Nf8 35. Nd2 Ng6 36. g3 Nf8 37. Ne4 Nh7 38. Ndc5 Re7 39. Nd2 Ra7 40. Nde4 h4
41. gxh4 Nf4 42. Re3 Qc8 43. Bxf7 Qg4+ 44. Qg3 Qd1+ 45. Qe1 Qxc2 46. Qd2 Qxd2
47. Nxd2 Kxf7 48. hxg5 Nxg5 49. Nc4 Ngh3+ 50. Kf1 Kg6 51. Re8 Rh7 52. Nd6 Ng5
53. Rg8+ Kh5 54. Nce4 Nd5 55. Ra8 Kg4 56. Nxg5 fxg5 57. Kg1 Re7 58. Re8 Rd7 59.
Nc4 Rb7 60. Re4+ Nf4 61. Re3 Kh4 62. Kf1 Nd5 63. Rg3 Rf7+ 64. Ke1 Rf4 65. Ne5
Re4+ 66. Kf2 g4 67. h3 gxh3 68. Nf3+ Kh5 69. Rxh3+ Kg6 70. Ne5+ Kf5 71. Nxc6
Rg4 72. Rh5+ Ke6 73. Nd8+ Kd6 74. Nb7+ Ke6 75. Re5+ Kf6 76. Rxd5 Rh4 77. Ke3
Rh2 78. Rb5 Rh3+ 79. Ke4 Rh4+ 80. Kd3 Rh3+ 81. Kc4 Rh1 82. Nxa5 Rc1+ 83. Kd5
Rd1 84. Nc6 Kg5 85. a5 Ra1 86. Rb3 Rh1 87. a6 Kf4 88. a7 Rh8 89. Rb8 Rh5+ 90.
Ne5 Rxe5+ 91. dxe5 1-0

[Event "Regina Prol IT 1"]
[Site "Santos"]
[Date "2003.04.28"]
[Round "9"]
[White "Neubauer, Martin"]
[Black "Sega, Carlos Alberto"]
[Result "1/2-1/2"]
[WhiteElo "2415"]
[BlackElo "2315"]
[PlyCount "37"]
[EventDate "2003.04.22"]
[EventType "tourn"]
[EventRounds "11"]
[EventCountry "BRA"]
[EventCategory "4"]
[Source "Fruth,M"]
[SourceDate "2003.05.15"]

1. e4 e5 2. f4 d5 3. exd5 c6 4. Nc3 exf4 5. Nf3 Bd6 6. d4 Nf6 7. Bc4 cxd5 8.
Bxd5 O-O 9. O-O Qa5 10. Bb3 Nc6 11. Ne2 Nh5 12. c3 Bg4 13. h3 Bd7 14. d5 Ne7
15. Ng5 Qb6+ 16. Nd4 g6 17. Ne4 Be5 18. Rf2 Nf5 19. Nf3 1/2-1/2

[Event "EU-ch TT U18"]
[Site "Balatonlelle"]
[Date "2003.07.21"]
[Round "3"]
[White "Dimitrijevic, Aleksandra"]
[Black "Kryvoruchko, Yuriy"]
[Result "0-1"]
[WhiteElo "2383"]
[BlackElo "2415"]
[PlyCount "90"]
[EventDate "2003.07.19"]
[EventType "team"]
[EventRounds "7"]
[EventCountry "HUN"]
[Source "Fruth,M"]
[SourceDate "2003.05.15"]

1. e4 e5 2. f4 d5 3. exd5 e4 4. Bc4 Nf6 5. d3 Bc5 6. d4 Bb4+ 7. c3 Bd6 8. Be3
O-O 9. Nd2 b5 10. Bb3 Bg4 11. Ne2 a5 12. a3 a4 13. Ba2 Be7 14. h3 Bc8 15. Qc2
Nxd5 16. Qxe4 Bb7 17. Bf2 Re8 18. Qd3 c5 19. O-O c4 20. Qc2 Bd6 21. Rae1 Nd7
22. Nf3 Bxf4 23. Bb1 g6 24. Nxf4 Nxf4 25. Bh4 Qc7 26. Rxe8+ Rxe8 27. Bg3 f5 28.
Kh2 Nf6 29. Qf2 N6h5 30. Nh4 Nxg3 31. Qxg3 Nd5 32. Nxf5 Qxg3+ 33. Nxg3 Ne3 34.
Rf2 Nd1 35. Rd2 Re1 36. d5 Kf7 37. Be4 Ke8 38. Bf3 Ne3 39. Be2 Bxd5 40. Nf1
Nxg2 41. Kg3 Bc6 42. Nh2 Ne3 43. Kf2 Rh1 44. Bf3 Rxh2+ 45. Kxe3 Rxh3 0-1

[Event "Vienna op A 14"]
[Site "Vienna"]
[Date "2003.??.??"]
[Round "8"]
[White "Grafl, Florian"]
[Black "Biolek, Richard"]
[Result "1/2-1/2"]
[WhiteElo "2342"]
[BlackElo "2449"]
[PlyCount "129"]
[EventDate "2003.08.16"]
[EventType "swiss"]
[EventRounds "9"]
[EventCountry "AUT"]
[Source "Fruth,M"]
[SourceDate "2003.05.15"]

1. e4 e5 2. f4 d5 3. exd5 c6 4. Qe2 cxd5 5. fxe5 Nc6 6. Nf3 Bg4 7. c3 d4 8. Qe4
Bxf3 9. gxf3 Qc7 10. Bb5 Nge7 11. Qxd4 a6 12. Bxc6+ Nxc6 13. Qe3 O-O-O 14. d4
f6 15. f4 g5 16. exf6 Nxd4 17. cxd4 Bb4+ 18. Kf1 Rhe8 19. Qh3+ Kb8 20. Nc3 Qc4+
21. Kg2 g4 22. Qg3 Bxc3 23. bxc3 Re2+ 24. Kg1 Rxd4 25. Be3 Rd3 26. f7 Rd8 27.
Re1 Rb2 28. Bf2 Qxf7 29. Qe3 Qxa2 30. Qa7+ Kc7 31. Re7+ Rd7 32. Qc5+ Kd8 33.
Rxd7+ Kxd7 34. Kg2 Rxf2+ 35. Qxf2 Qd5+ 36. Kg1 Qd1+ 37. Qf1 Qd2 38. f5 Ke7 39.
f6+ Kf8 40. h4 Qxc3 41. Rh2 Qd4+ 42. Qf2 Qd1+ 43. Kg2 Qd5+ 44. Kg3 h5 45. Rg2
Qe5+ 46. Qf4 Qe1+ 47. Kh2 Qxh4+ 48. Kg1 Qe1+ 49. Qf1 Qe3+ 50. Qf2 Qc3 51. Qd2
Qa1+ 52. Kh2 Qe5+ 53. Kh1 Qa1+ 54. Rg1 Qxf6 55. Qb4+ Kg8 56. Qc4+ Kg7 57. Qc7+
Kg6 58. Qc2+ Kg7 59. Rb1 b5 60. Rc1 Qh4+ 61. Qh2 Qxh2+ 62. Kxh2 Kf6 63. Rc6+
Ke5 64. Rxa6 Kd4 65. Rh6 1/2-1/2